| 000 | 00652nam a2200229 i 4500 | ||
|---|---|---|---|
| 001 | 7825 | ||
| 003 | ES-MaACL | ||
| 005 | 20230906145323.0 | ||
| 007 | t| | ||
| 008 | 910512s1990 sp |||| | spa d | ||
| 020 | _a84-86514-13-4 | ||
| 080 | _a892.7.09"19" | ||
| 100 | 1 |
_aMartínez Montávez, Pedro. _978252 |
|
| 245 | 1 | 0 |
_aLiteratura árabe de hoy / _cPedro Martínez Montávez. |
| 260 |
_aMadrid : _bCantArabia, _c1990. |
||
| 300 |
_a367 p. ; _c21 cm. |
||
| 490 | 1 |
_aEstudios ; _v4 |
|
| 650 | 1 | 4 |
_aLiteratura árabe- _yS.XX- _xHistoria y crítica. _914506 |
| 830 | 0 |
_aEstudios ; _v4 _9177349 |
|
| 852 |
_aES-MaACL _jL-15049 |
||
| 999 |
_c7825 _d7825 |
||